Départements frontaliers dont les 1ères lettres se suivent - Statistiques

Statistiques générales
  • Ce quiz a été pris 33 fois
  • Le résultat moyen est 21 sur 24
Statistiques - réponses
Réponse % Correct
Hérault
100%
Isère
100%
Charente
92%
Charente
92%
Corrèze
92%
Deux-Sèvres
92%
Deux-Sèvres
92%
Dordogne
92%
Dordogne
92%
Gard
92%
Gers
92%
Gers
92%
Haute-Garonne
92%
Hautes-Pyrénées
92%
Charente-Maritime
83%
Hautes-Alpes
83%
Indre
83%
Maine-et-Loire
83%
Rhône
83%
Loire-Atlantique
75%
Loire-Atlantique
75%
Morbihan
75%
Saône-et-Loire
75%
Haute-Vienne
67%
Aucun quiz correspondant
Distribution des résultats
% des personnes avec chaque résultat
Percentile par nombre de réponses
Votre historique - résultats
Vous n’avez pas pris ce quiz